Ethnicity and careers of Chinese-Canadian young adults (Record no. 153125)
[ view plain ]
| 000 -LEADER | |
|---|---|
| fixed length control field | 01550nam a2200385Ia 4500 |
| 082 04 - DEWEY DECIMAL CLASSIFICATION NUMBER | |
| Classification number | 331.702089951071 E84 |
| 245 00 - TITLE STATEMENT | |
| Title | Ethnicity and careers of Chinese-Canadian young adults |
| 260 ## - PUBLICATION, DISTRIBUTION, ETC. (IMPRINT) | |
| Place of publication | New York : |
| Name of publisher | Nova Science Publishers, |
| Year of publication | c2012. |
| 300 ## - PHYSICAL DESCRIPTION | |
| Number of Pages | viii, 150 p. |
| 490 0# - SERIES STATEMENT | |
| Series statement | Professions - training, education and demographics |
| 650 #0 - SUBJECT ADDED ENTRY--TOPICAL TERM | |
| Topical Term | Career development |
| Topical Term | Chinese |
| Topical Term | Chinese |
| Topical Term | Minorities |
| Topical Term | Young adults |
| 700 1# - ADDED ENTRY--PERSONAL NAME | |
| Personal name | Chen, Charles P. |
| Personal name | Lee, Wendy Wing Yin. |
| 856 40 - ELECTRONIC LOCATION AND ACCESS | |
| Uniform Resource Identifier | http://site.ebrary.com/lib/rucke/Doc?id=10726571 |
No items available.
